000
00249nam a2200109Ia 4500
008
190216s9999||||xx |||||||||||||| ||und||
100
_a
Alaxender Bek
245
0
_a
Volo Kolang Highway
260
_b
Current Books
650
_a
Malayalam
942
_c
BK
999
_c
23797
_d
23797